00625nam a22001817c 4500003000400000005001700004008004100021020001800062040001400080245011000094260003500204300002300239500001000262650004700272650004000319651004800359710003600407OSt20160921141549.0160921s2016 sp a | |||| 001 0 spa d a9788494180064 cCDMRbcat00aCrónicas del gran timob: lo mejor del reality news : lo que el poder prefiere que no sepasc[Mongolia] a[Madrid]bEditorial Mongc2016 a188 p.bil.c21 cm aIndex 7aCrisis económicasy2008-zEspanya2embne04aEmpresa informativay2008-zEspanya 7aEspañaxPolítica i governy2011-2embne2 aEditorial Mongecompilador4edc